| 000 | 00812nam a2200217Ii 4500 | ||
|---|---|---|---|
| 003 | JO-AjNU | ||
| 008 | 230605s9999||||xx |||||||||||||| ||und|| | ||
| 017 | _a1992/9609 | ||
| 020 | _a977-212-006-2 | ||
| 040 |
_aJO-AjNU _bara _erda _cJO-AjNU |
||
| 041 | _aara | ||
| 050 | 1 | 4 | _aBP173.756.K3422 2010 |
| 100 | 3 |
_aالكفراوي، عوف محمود, _eauthor _932131 |
|
| 245 | 0 | 0 | _aالمالية العامة في الإسلام : بداية المجتهد ونهاية المقتصد |
| 264 | 3 | 1 | _aالاسكندرية: مركز الاسكندرية للكتاب، 2010 |
| 300 | _a316ص | ||
| 336 |
_atext _btxt _2rdacontent |
||
| 337 |
_aunmediated _bn _2rdamedia |
||
| 338 |
_avolume _bnc _2rdacarrier |
||
| 650 | 4 |
_aالنظام المالي في الاسلام- الاقتصاد الاسلامي _932132 |
|
| 999 |
_aA12936 _c16504 _d16504 |
||